|
|
|
|
| LEADER |
01244nam a22002537a 4500 |
| 001 |
38151 |
| 003 |
BD-DhAAL |
| 008 |
220323t1987 ii a|||| b||| 00| 0 ben d |
| 040 |
|
|
|a BD-DhAAL
|
| 041 |
|
|
|a ben
|
| 082 |
|
|
|a 891.443
|2 23
|
| 245 |
|
|
|a উপেন্দ্রকিশোর সুকুমার রায় :
|b সমগ্র গল্প সম্ভার /
|c প্রলয় সেন সম্পাদিত
|
| 246 |
|
|
|a Upendrakishore Sukumar Ray samagra galpa sambhar
|
| 260 |
|
|
|a কলকাতা :
|b জ্ঞানতীর্থ,
|c ১৯৮৭
|
| 300 |
|
|
|a (৮), ২৭২ পৃষ্ঠা :
|b চিত্র ;
|c ২২ সে.মি.
|
| 504 |
|
|
|a গ্রন্থপঞ্জিগত নির্দেশিকা অন্তর্ভুক্ত।
|
| 541 |
|
|
|a Donated By Akbar Ali Khan
|e 38151
|
| 650 |
|
|
|a Short stories, Bengali.
|9 47312
|
| 650 |
|
|
|a Bengali literature.
|
| 700 |
|
|
|a সেন, প্রলয়
|9 47313
|
| 852 |
|
|
|a Ayesha Abed Library
|c Akbar Ali Khan Collection
|
| 942 |
|
|
|2 ddc
|c BK
|
| 999 |
|
|
|c 43858
|d 43858
|
| 952 |
|
|
|0 0
|1 0
|2 ddc
|4 0
|6 891_443000000000000_UPE
|7 1
|9 70245
|a BRACUL
|b BRACUL
|c AAKC
|d 2022-03-23
|e Donated by Akbar Ali Khan
|l 0
|o 891.443 UPE
|p 3010038151
|r 2022-03-23
|t 1
|w 2022-03-23
|y BK
|